000 00705cab a2200217 4500
001 WB3213-36
008 090401t1996 xxu||||| |||| 00| 0 eng d
035 _a(Sirsi) u60705
041 _aeng
245 _a`PI premiums could rocket`
260 _c1996
350 _a0
490 _aEstates Times
_v(1317) 22 March 1996, 3(1)
520 _aIndemnity Management Services is concerned that SURVIS - the RICS`s link-up with Archer Underwriting - could lead to rising professional indemnity premiums through gaining a monopoly on the market.
650 _aPROFESSIONAL INDEMNITY INSURANCE
650 _aRICS
650 _aSURVIS
690 _aInsurance
_96249
942 _n0
948 _c04/03/1997
999 _c37502
_d37502